Operations research : (Record no. 33569)

000 -LEADER
fixed length control field 01009cam a22003134a 4500
001 - CONTROL NUMBER
control field 16342654
003 - CONTROL NUMBER IDENTIFIER
control field OSt
005 - DATE AND TIME OF LATEST TRANSACTION
control field 20211125114817.0
008 - FIXED-LENGTH DATA ELEMENTS--GENERAL INFORMATION
fixed length control field 100721s2011 njua b 001 0 eng
010 ## - LIBRARY OF CONGRESS CONTROL NUMBER
LC control number 2010028206
020 ## - INTERNATIONAL STANDARD BOOK NUMBER
International Standard Book Number 9788131785942
035 ## - SYSTEM CONTROL NUMBER
System control number (OCoLC)ocn649827227
038 ## - RECORD CONTENT LICENSOR
Staff Name Khadija
040 ## - CATALOGING SOURCE
Original cataloging agency DLC
Transcribing agency DLC
Modifying agency YDX
-- YDXCP
-- CDX
-- DLC
050 00 - LIBRARY OF CONGRESS CALL NUMBER
Classification number T57.6
Item number .T3 2013
082 00 - DEWEY DECIMAL CLASSIFICATION NUMBER
Classification number 658.4034
Edition number 22
Author Mark THA
100 1# - MAIN ENTRY--PERSONAL NAME
Personal name Taha, Hamdy A.
9 (RLIN) 85132
245 10 - TITLE STATEMENT
Title Operations research :
Remainder of title an introduction /
Statement of responsibility, etc. Hamdy A. Taha.
250 ## - EDITION STATEMENT
Edition statement 9th
260 ## - PUBLICATION, DISTRIBUTION, ETC.
Place of publication, distribution, etc. Upper Saddle River, N.J. :
Name of publisher, distributor, etc. Prentice Hall,
Date of publication, distribution, etc. c2013.
300 ## - PHYSICAL DESCRIPTION
Extent xxxi, 790 p. :
Other physical details ill. ;
Dimensions 24 cm.
504 ## - BIBLIOGRAPHY, ETC. NOTE
Bibliography, etc. note Includes bibliographical references and index.
563 ## - BINDING INFORMATION
Binding note PB
650 #0 - SUBJECT ADDED ENTRY--TOPICAL TERM
Topical term or geographic name entry element Operations research.
9 (RLIN) 85133
650 #0 - SUBJECT ADDED ENTRY--TOPICAL TERM
Topical term or geographic name entry element Programming (Mathematics)
9 (RLIN) 85134
906 ## - LOCAL DATA ELEMENT F, LDF (RLIN)
a 7
b cbc
c orignew
d 1
e ecip
f 20
g y-gencatlg
942 ## - ADDED ENTRY ELEMENTS (KOHA)
Source of classification or shelving scheme
Koha item type Book
Holdings
Withdrawn status Lost status Source of classification or shelving scheme Damaged status Not for loan Permanent Location Current Location Shelving location Date acquired Full call number Barcode Date last seen Price effective from Koha item type
          School of Mechanical & Manufacturing Engineering (SMME) School of Mechanical & Manufacturing Engineering (SMME) Aerospace Engineering 05/06/2016 658.4034 THA SMME-2668 04/05/2018 05/06/2016 Book
© 2023 Central Library, National University of Sciences and Technology. All Rights Reserved.